Normal view
MARC view
- DESCUBRIMIENTOS GEOGRAFICOS
Entry Materia
001 - NÚMERO DE CONTROL DEL REGISTRO
- campo de control: 8255
003 - IDENTIFICADOR DE NUMERO DE CONTROL
- campo de control: UPN
005 - FECHA Y HORA DE LA ÚLTIMA TRANSACCIÓN
- campo de control: 20210219193724.0
008 - DATOS DE LONGITUD FIJA
- campo de control de longitud fija: nabaccnnaabn|||||||||| b |nc|||||d
035 ## - NÚMERO DE CONTROL DEL SISTEMA
- Número de control del sistema: UPN10000008261
040 ## - FUENTE DE LA CATALOGACIÓN
- Lengua de catalogación: SPA
- Agencia de transcripción: UPN
150 ## - ENCABEZAMIENTO - TEMÁTICO
- Término de materia o nombre geográfico como elemento inicial: DESCUBRIMIENTOS GEOGRAFICOS
360 ## - REFERENCIA COMPLEJA DE VÉASE ADEMÁS - MATERIA
- Texto explicativo: Las subdivisiones
- Encabezamiento al que se remite: DESCUBRIMIENTO Y EXPLORACION ; DESCRIPCION Y VIAJES ; EXPEDICION Y VIAJES ;
- Texto explicativo: y
- Encabezamiento al que se remite: EXPEDICIONES DE EXPLORACION ;
- Texto explicativo: bajo nombres de países. Ej. :
- Encabezamiento al que se remite: AMERICA - DESCUBRIMIENTO Y EXPLORACION ; ASIA - DESCRIPCION Y VIAJES ; ESPAÑA - EXPEDICIONES DE EXPLORACION
670 ## - FUENTE EN LA QUE SE LOCALIZARON DATOS
- Cita de la fuente: E
902 ## - CATALOGADOR
- Catalogador: LG/110397
